000 00887cam a22002771 4500
001 23700
003 BD-RjUL
005 20211209000948.0
008 140311r19661965onca 000 0 eng
035 _a(BD-RjUL)23765
035 _a(BD-RjUL)23765
040 _aDLC
_cFO
_dBD-RjUL
_dBD-RjUL
_beng
041 _aeng
082 _a917.14
_bCHM 1966
100 1 _aHarvey, Jean-Charles,
_d1891-1967.
_972975
245 1 4 _aThe many faces of Quebec.
_cTrans. by Alta Lind Cook. Photos. by Marcel Cognac.
260 _a[Toronto,
_bMacmillan of Canada,
_cc1966
300 _a202 p. :
_billus. ;
_c26 cm.
500 _aTrans. of Visages du Quebec.
500 _aFirst published in French Montreal, Cercle du livre de France, 1965, c1964.
651 0 _aQuébec (Province)
_972976
700 1 _aCognac, Marcel.
_972977
942 _2ddc
_cBK
999 _c23700
_d23700